00640nam a2200205Ia 4500999001500000020001800015082001300033245004100046260004200087300001500129440004200144504001900186650002200205650001400227700002200241700002300263700002300286942000700309952011800316 c5473d5473 a0-19-927222-0 a320 OXF- 0aOxford handbook of political economy aOxfordbOxford University Pressc2006 axvii, 1093 aOxford handbooks of political science aincludes index aPolitical science aEconomics aGoodin, Robert E. aWeingast, Barry R. aWittman, Donald A. cBK 00104070aNASSDOCbNASSDOCd2007-02-20eKKi2007-01-18l0o320 OXF-p43271r2019-04-18 00:00:00w2019-04-18yBK